000 00661nam a2200205Ia 4500
001 20389
003 GE_BSU
008 181216s||||||||xx |||||||||||||| ||und||
040 _cGE_BSU
245 _aПсихологический журнал. Том 38, №2. Март-Апрель. 2017.
245 _cГл. ред.РАН А.Л.Журавлев и др.
260 _aМосква
260 _bНаука
260 _c2017
300 _a144 стр. 29 см.
653 _aПериодика
653 _aПсихологический журнал. Том 38, №2. Март-Апрель. 2017
653 _aპერიოდიკა
942 _cCR
999 _c53347
_d53347